5HLuxD.jpg

KING HENRY VIII SENIOR AND PRIMARY SCHOOL LIBRARY OPAC

The art of fielding : (Record no. 96)

000 -LEADER
fixed length control field 02357cam a2200613Ia 4500
001 - CONTROL NUMBER
control field 792859866
003 - CONTROL NUMBER IDENTIFIER
control field OCoLC
005 - DATE AND TIME OF LATEST TRANSACTION
control field 20190725151757.0
008 - FIXED-LENGTH DATA ELEMENTS--GENERAL INFORMATION
fixed length control field 120501s2012 nyu 000 1 eng d
010 ## - LIBRARY OF CONGRESS CONTROL NUMBER
LC control number 2011014912
020 ## - INTERNATIONAL STANDARD BOOK NUMBER
International Standard Book Number 9780316126670 (pbk.)
020 ## - INTERNATIONAL STANDARD BOOK NUMBER
International Standard Book Number 0316126675 (pbk.)
035 ## - SYSTEM CONTROL NUMBER
System control number (OCoLC)792859866
Canceled/invalid control number (OCoLC)756585446
-- (OCoLC)793411839
040 ## - CATALOGING SOURCE
Original cataloging agency TYV
Language of cataloging eng
Transcribing agency TYV
Modifying agency BTCTA
043 ## - GEOGRAPHIC AREA CODE
Geographic area code n-us-mi
049 ## - LOCAL HOLDINGS (OCLC)
Holding library NYPP
082 0# - DEWEY DECIMAL CLASSIFICATION NUMBER
Classification number FIC HAR
Edition number 22
091 ## - MICROFILM SHELF LOCATION (AM) [OBSOLETE]
Microfilm shelf location FIC
100 1# - MAIN ENTRY--PERSONAL NAME
Personal name Harbach, Chad.
Relator term author
245 14 - TITLE STATEMENT
Title The art of fielding :
Remainder of title a novel /
Statement of responsibility, etc. Chad Harbach.
250 ## - EDITION STATEMENT
Edition statement 1st Back Bay pbk. ed.
260 ## - PUBLICATION, DISTRIBUTION, ETC.
Place of publication, distribution, etc. New York :
Name of publisher, distributor, etc. Back Bay Books,
Date of publication, distribution, etc. ©2012, 2011.
300 ## - PHYSICAL DESCRIPTION
Extent 512, 12 pages ;
Dimensions 21 cm.
336 ## - CONTENT TYPE
Content type term text
Content type code txt
Source rdacontent.
337 ## - MEDIA TYPE
Media type term unmediated
Media type code n
Source rdamedia.
338 ## - CARRIER TYPE
Carrier type term volume
Carrier type code nc
Source rdacarrier.
500 ## - GENERAL NOTE
General note Includes reading group guide.
520 ## - SUMMARY, ETC.
Summary, etc. "At Westish College, a small school on the shore of Lake Michigan, baseball star Henry Skrimshander seems destined for big-league stardom. But when a routine throw goes disastrously off course, the fates of five people are upended."--Publisher's description.
650 #0 - SUBJECT ADDED ENTRY--TOPICAL TERM
Topical term or geographic name entry element College students
Form subdivision Fiction.
650 #0 - SUBJECT ADDED ENTRY--TOPICAL TERM
Topical term or geographic name entry element Baseball players
Form subdivision Fiction.
650 #0 - SUBJECT ADDED ENTRY--TOPICAL TERM
Topical term or geographic name entry element Interpersonal relations
Form subdivision Fiction.
650 #7 - SUBJECT ADDED ENTRY--TOPICAL TERM
Topical term or geographic name entry element College students
Form subdivision Fiction.
Source of heading or term sears.
650 #7 - SUBJECT ADDED ENTRY--TOPICAL TERM
Topical term or geographic name entry element Baseball players
Form subdivision Fiction.
Source of heading or term sears.
650 #7 - SUBJECT ADDED ENTRY--TOPICAL TERM
Topical term or geographic name entry element Interpersonal relations
Form subdivision Fiction.
Source of heading or term sears.
650 #7 - SUBJECT ADDED ENTRY--TOPICAL TERM
Topical term or geographic name entry element Baseball players.
Source of heading or term fast
Authority record control number or standard number (OCoLC)fst00828007.
650 #7 - SUBJECT ADDED ENTRY--TOPICAL TERM
Topical term or geographic name entry element College students.
Source of heading or term fast
Authority record control number or standard number (OCoLC)fst00867976.
650 #7 - SUBJECT ADDED ENTRY--TOPICAL TERM
Topical term or geographic name entry element Interpersonal relations.
Source of heading or term fast
Authority record control number or standard number (OCoLC)fst00977397.
651 #0 - SUBJECT ADDED ENTRY--GEOGRAPHIC NAME
Geographic name Michigan, Lake
Form subdivision Fiction.
651 #0 - SUBJECT ADDED ENTRY--GEOGRAPHIC NAME
Geographic name Great Lakes Region (North America)
Form subdivision Fiction.
651 #7 - SUBJECT ADDED ENTRY--GEOGRAPHIC NAME
Geographic name Michigan, Lake, Region
Form subdivision Fiction.
Source of heading or term sears.
651 #7 - SUBJECT ADDED ENTRY--GEOGRAPHIC NAME
Geographic name Great Lakes Region.
Source of heading or term fast
Authority record control number or standard number (OCoLC)fst01258523.
651 #7 - SUBJECT ADDED ENTRY--GEOGRAPHIC NAME
Geographic name Lake Michigan.
Source of heading or term fast
Authority record control number or standard number (OCoLC)fst01239989.
655 #7 - INDEX TERM--GENRE/FORM
Genre/form data or focus term Psychological fiction.
Source of term lcgft.
655 #0 - INDEX TERM--GENRE/FORM
Genre/form data or focus term College stories.
655 #7 - INDEX TERM--GENRE/FORM
Genre/form data or focus term College stories.
Source of term gsafd.
655 #7 - INDEX TERM--GENRE/FORM
Genre/form data or focus term College stories.
Source of term fast
Authority record control number or standard number (OCoLC)fst01726563.
655 #7 - INDEX TERM--GENRE/FORM
Genre/form data or focus term Fiction.
Source of term fast
Authority record control number or standard number (OCoLC)fst01423787.
655 #7 - INDEX TERM--GENRE/FORM
Genre/form data or focus term Psychological fiction.
Source of term fast
Authority record control number or standard number (OCoLC)fst01726481.
700 ## - ADDED ENTRY--PERSONAL NAME
Personal name Hayes, Keith
Relator term Cover designer
901 ## - LOCAL DATA ELEMENT A, LDA (RLIN)
a MARS
908 #4 - PUT COMMAND PARAMETER (RLIN)
Put command parameter PS3608.A72513
942 ## - ADDED ENTRY ELEMENTS (KOHA)
Source of classification or shelving scheme
Koha item type Books - Fiction
946 ## - LOCAL PROCESSING INFORMATION (OCLC)
a m
Holdings
Withdrawn status Lost status Source of classification or shelving scheme Damaged status Not for loan Collection code Permanent Location Current Location Shelving location Date acquired Full call number Barcode Date last seen Price effective from Koha item type
          Fiction KH8 Senior School Library KH8 Senior School Library Fiction 2019-07-25 FIC HAR 3KHSL000101005 2024-07-16 2019-07-25 Books - Fiction

Powered By KH8 IT Dept